| 000 | 01038nam a2200205Ia 4500 | ||
|---|---|---|---|
| 999 |
_c39508 _d39508 |
||
| 001 | 6104 | ||
| 003 | GE_BSU | ||
| 005 | 20190923123315.0 | ||
| 008 | 181216s1963||||ge |||||||||||||| ||geo|| | ||
| 040 | _cGE_BSU | ||
| 041 | _ageo | ||
| 080 | _a821.353.1-2 ა-83 | ||
| 100 |
_aასათიანი, ლევან _93571 |
||
| 245 |
_aწიწამურის გზა : _bდრამატული ქრონიკა ილია ჭავჭავაძის ცხოვრებიდან / _cლევან ასათიანი ; რედ. გ. ასათიანი. |
||
| 264 |
_aთბილისი : _bლიტერატურა და ხელოვნება ; _c1963. |
||
| 300 |
_a93 გვ. ; _c20 სმ. |
||
| 653 | _aწიწამურის გზა:დრამატული ქრონიკა ილია ჭავჭავაძის ცხოვრებიდან. | ||
| 700 |
_aასათიანი, გ. _eრედაქტორი _94232 |
||
| 942 |
_cBK _2udc |
||